ছোটগল্পের বিশ্বসংকলন : (Record no. 955)
[ view plain ]
| 000 -LEADER | |
|---|---|
| fixed length control field | 00768nam a22002417a 4500 |
| 001 - CONTROL NUMBER | |
| JCCL Control Number | 955 |
| 003 - CONTROL NUMBER IDENTIFIER | |
| JCCL marc code | BD-JhCC |
| 005 - DATE AND TIME OF LATEST TRANSACTION | |
| control field | 20171012085154.0 |
| 008 - FIXED-LENGTH DATA ELEMENTS--GENERAL INFORMATION | |
| fixed length control field | 171011s2000 bg |||| |||| 00| 0 ben d |
| 020 ## - INTERNATIONAL STANDARD BOOK NUMBER | |
| International Standard Book Number | 9844101654 |
| 035 ## - SYSTEM CONTROL NUMBER | |
| system control number | (BD-JhCC)955 |
| 040 ## - CATALOGING SOURCE | |
| Original cataloging agency | BD-JhCC |
| Modifying agency | BD-JhCC |
| 041 ## - LANGUAGE CODE | |
| Language code of Book | eng |
| 082 ## - DEWEY DECIMAL CLASSIFICATION NUMBER | |
| Classification number | 891.4435 |
| Author mark and Year | HOS 2000 |
| 100 ## - MAIN ENTRY--PERSONAL NAME | |
| Personal name | হুসাইন, কাওসার |
| 245 ## - TITLE STATEMENT | |
| Title | ছোটগল্পের বিশ্বসংকলন : |
| Remainder of title | ছোট প্রাণ ছোট ব্যথা / |
| Statement of responsibility, etc | কাওসার হুসাইন |
| 260 ## - PUBLICATION, DISTRIBUTION, ETC. (IMPRINT) | |
| Place of publication, distribution, etc | ঢাকাঃ |
| Name of publisher, distributor, etc | মাওলা ব্রাদার্স, |
| Date of publication, distribution, etc | 2000 |
| 300 ## - PHYSICAL DESCRIPTION | |
| Pagination | 258 p. : |
| Dimensions | 22 cm. |
| 650 ## - SUBJECT ADDED ENTRY--TOPICAL TERM | |
| Topical term or geographic name as entry element | Short Stories Bengali |
| 651 ## - SUBJECT ADDED ENTRY--GEOGRAPHIC NAME | |
| Geographic name | Bangladesh |
| 942 ## - ADDED ENTRY ELEMENTS (KOHA) | |
| Source of classification or shelving scheme | Dewey Decimal Classification |
| Koha item type | Books |
| Source of classification or shelving scheme | Damaged status | Not for loan | Home library | Current library | Shelving location | Date of accession | Cost, normal purchase price | Total Checkouts | Full call number | Barcode | Date last seen | Copy number | Koha item type |
|---|---|---|---|---|---|---|---|---|---|---|---|---|---|
| Dewey Decimal Classification | JCC Rouf Library | JCC Rouf Library | General Stacks | 10/11/2017 | 170.00 | 891.4435 HOS 2000 | 1864 | 10/11/2017 | C-1 | Books |